Kỹ thuật bảo vệ thực vật
Trình bày những hiểu biết chung về bảo vệ thực vật (vai trò của bảo vệ thực vật, cơ sở lý luận); Các biện pháp bảo vệ thực vật phòng chống dịch hại,...
Kaydedildi:
| Yazar: | |
|---|---|
| Materyal Türü: | Kitap |
| Dil: | Undetermined |
| Baskı/Yayın Bilgisi: |
Hà Nội
Lao động
2005
|
| Konular: | |
| Etiketler: |
Etiketle
Etiket eklenmemiş, İlk siz ekleyin!
|
| Thư viện lưu trữ: | Trung tâm Học liệu Trường Đại học Cần Thơ |
|---|
| LEADER | 00793nam a2200205Ia 4500 | ||
|---|---|---|---|
| 001 | CTU_97133 | ||
| 008 | 210402s9999 xx 000 0 und d | ||
| 020 | |c 20000 | ||
| 082 | |a 632.9 | ||
| 082 | |b L120 | ||
| 100 | |a Phạm, Văn Lầm | ||
| 245 | 0 | |a Kỹ thuật bảo vệ thực vật | |
| 245 | 0 | |c Phạm Văn Lầm | |
| 260 | |a Hà Nội | ||
| 260 | |b Lao động | ||
| 260 | |c 2005 | ||
| 520 | |a Trình bày những hiểu biết chung về bảo vệ thực vật (vai trò của bảo vệ thực vật, cơ sở lý luận); Các biện pháp bảo vệ thực vật phòng chống dịch hại,... | ||
| 650 | |a Plants, protection of | ||
| 904 | |i Tuyến | ||
| 980 | |a Trung tâm Học liệu Trường Đại học Cần Thơ | ||